000 02245nam a2200325 a 4500
999 _c2840
_d2840
001 1131545
005 20170612101734.0
008 940418s1992 nr b 001 0 eng d
010 _a 94146615
020 _a9783202707
035 _a(CStRLIN)NYPG94-B8081
040 _aNN
_cNN
_dDLC
042 _alccopycat
043 _af-nr---
050 0 0 _aDT515.836
_b.P47 1992
082 0 0 _a966.905/2
_221
245 0 0 _aPerspectives on the Nigerian Civil War /
_c[compiled by] Siyan Oyewẹsọ.
260 _aOjokoro, Lagos :
_bOAP Publications,
_c1992.
300 _ax, 358 p. ;
_c21 cm.
440 0 _aO.A.P. humanities series
_932522
504 _aIncludes bibliographical references and index.
505 0 _aThe historical roots of the Nigerian Civil War / Kunle Amuwo -- Kaduna Nzeogwu, the coup and prelude to the Nigerian Civil War / Siyan Oyeweso -- Aguiyi-Ironsi in the context of Nigerian history / Siyan Oyeweso and Henry Ekiyor -- The Ojukwu factor in the outbreak of the Nigerian Civil War / Siyan Oyeweso -- The political economy of the Nigerian Civil War / Kunle Amuwo -- Franco-Nigerian relations during the war years / Segun Johnson -- Environmental factors in the prosecution of the Nigerian Civil War / Ayo Omotayo -- Class struggles in Biafra / Abubakar Momoh -- Some considerations on Victor Banjo, Emmanuel Ifeajuna and others in the Nigerian Civil War / Siyan Oyeweso -- The impact of the Civil War on the Nigerian state / Said Adejumobi -- The abandoned property question / Abolade Adeniji -- Gowon and Igbo re-integration / Siyan Oyeweso -- Perspectives on Igbo re-integration in the post-Gowon era / Siyan Oyeweso -- Bali and Vatsa : soldiers, war and poetry / Rotimi Johnson -- Nigerian Civil War and creative strategies / Steve Ogunpitan -- War and poetry : Acholonu and Saro-Wiwa / Rotimi Johnson -- The war and the word / Adeleke A. Fakoya.
651 0 _aNigeria
_xHistory
_yCivil War, 1967-1970.
_932507
700 1 _aOyeweso, Siyan.
_932523
906 _a7
_bcbc
_ccopycat
_d3
_encip
_f19
_gy-gencatlg
942 _2lcc
_cMONOGRAPH